Unit operations of chemical engineering (Record no. 3799)

000 -LEADER
fixed length control field 00652nam a2200241 a 4500
001 - CONTROL NUMBER
control field 3799
003 - CONTROL NUMBER IDENTIFIER
control field BD-DhUET
008 - FIXED-LENGTH DATA ELEMENTS--GENERAL INFORMATION
fixed length control field 850523s1985 nyua b 001 0 eng
020 ## - INTERNATIONAL STANDARD BOOK NUMBER
International Standard Book Number 0070448280
040 ## - CATALOGING SOURCE
Modifying agency BD-DhUET
Transcribing agency 0
082 0# - DEWEY DECIMAL CLASSIFICATION NUMBER
Classification number 660.2842
Item number MCC/1985
100 1# - MAIN ENTRY--PERSONAL NAME
Personal name McCabe, Warren L.
245 10 - TITLE STATEMENT
Title Unit operations of chemical engineering
250 ## - EDITION STATEMENT
Edition statement 4th ed.
260 ## - PUBLICATION, DISTRIBUTION, ETC. (IMPRINT)
Place of publication, distribution, etc. New York
Name of publisher, distributor, etc. McGraw-Hill
Date of publication, distribution, etc. 1985
300 ## - PHYSICAL DESCRIPTION
Extent x, 960 p.
Other physical details ill.
Dimensions 25 cm.
490 1# - SERIES STATEMENT
Series statement McGraw-Hill chemical engineering series
504 ## - BIBLIOGRAPHY, ETC. NOTE
Bibliography, etc Includes bibliographies
650 #0 - SUBJECT ADDED ENTRY--TOPICAL TERM
Topical term or geographic name as entry element Chemical Processer
700 1# - ADDED ENTRY--PERSONAL NAME
Personal name Smith, Julian C.
700 1# - ADDED ENTRY--PERSONAL NAME
Personal name Harriott, Peter.
942 ## - ADDED ENTRY ELEMENTS (KOHA)
Koha item type General Book
Holdings
Koha date last borrowed Piece designation (barcode) Shelving location Not for loan Location (home branch) Koha issues (times borrowed) Source of classification or shelving scheme Koha normalized classification for sorting Withdrawn status Damaged status Sublocation or collection (holding branch) Koha date last seen Date acquired Lost status Copy number Koha item type Koha full call number Price effective from
 72739Circulation section Central Library, BUET  660_000000000000000_2842MCC198  Central Library, BUET2016-10-232014-11-05 1General Book660.2842/MCC/19852014-11-05
 77549Circulation section Central Library, BUET  660_000000000000000_2842MCC198  Central Library, BUET2014-11-052014-11-05 2General Book660.2842/MCC/19852014-11-05
2018-11-1477550Circulation section Central Library, BUET2 660_000000000000000_2842MCC198  Central Library, BUET2018-12-042014-11-05 3General Book660.2842/MCC/19852014-11-05
 68731Reading section Central Library, BUET  660_284200000000000_MCC_1985  Central Library, BUET2015-07-012015-07-01 4Reading Item660.2842/MCC/19852015-07-01
 73910Rental section Central Library, BUET  660_284200000000000_MCC_1985  Central Library, BUET2024-11-251989-06-27 ৪/ক-১Rental Item660.2842 MCC/19852024-11-25
 73911Rental section Central Library, BUET  660_284200000000000_MCC_1985  Central Library, BUET2024-11-251989-06-27 ৪/ক-২Rental Item660.2842 MCC/19852024-11-25
 73912Rental section Central Library, BUET  660_284200000000000_MCC_1985  Central Library, BUET2024-11-251989-06-27 ৪/ক-৩Rental Item660.2842 MCC/19852024-11-25
 73913Rental section Central Library, BUET  660_284200000000000_MCC_1985  Central Library, BUET2024-11-251989-06-27 ৪/ক-৪Rental Item660.2842 MCC/19852024-11-25
 73914Rental section Central Library, BUET  660_284200000000000_MCC_1985  Central Library, BUET2024-11-251989-06-27 ৪/ক-৫Rental Item660.2842 MCC/19852024-11-25
 73915Rental section Central Library, BUET  660_284200000000000_MCC_1985  Central Library, BUET2024-11-251989-06-27 ৪/ক-৬Rental Item660.2842 MCC/19852024-11-25
 73916Rental section Central Library, BUET  660_284200000000000_MCC_1985  Central Library, BUET2024-11-251989-06-27 ৪/ক-৭Rental Item660.2842 MCC/19852024-11-25
 73917Rental section Central Library, BUET  660_284200000000000_MCC_1985  Central Library, BUET2024-11-251989-06-27 ৪/ক-৮Rental Item660.2842 MCC/19852024-11-25
 73918Rental section Central Library, BUET  660_284200000000000_MCC_1985  Central Library, BUET2024-11-251989-06-27 ৪/ক-৯Rental Item660.2842 MCC/19852024-11-25
 73919Rental section Central Library, BUET  660_284200000000000_MCC_1985  Central Library, BUET2024-11-251989-06-27 ৪/ক-১০Rental Item660.2842 MCC/19852024-11-25
 73934Rental section Central Library, BUET  660_284200000000000_MCC_1985  Central Library, BUET2024-11-251989-06-27 ৪/ক-২৫Rental Item660.2842 MCC/19852024-11-25
 73935Rental section Central Library, BUET  660_284200000000000_MCC_1985  Central Library, BUET2024-11-251989-06-27 ৪/ক-২৬Rental Item660.2842 MCC/19852024-11-25